00434nam a2200121Ia 4500008004100000245012400041260004500165260000900210300000800219500001000227650001300237856006200250170516s9999 xx 000 0 und d aMesoporous carbon as a carrier for celecoxib: The improved inhibition effect on MDA-MB-231 cells migration and invasion bAsian Journal of Pharmaceutical Sciences c2014 a9:2 aApril xPharmacy uhttp://www.sciencedirect.com/science/journal/18180876/9/2